| 000 | 00703nam a22001937a 4500 | ||
|---|---|---|---|
| 082 |
_a621.8 _bGEW _cL-24, P-12 |
||
| 100 |
_aOdhams press limited _941935 |
||
| 245 |
_aGeneral Engineering workshop practice _bA guide to the principles and practice of workshop procedure _cOdhams press limited |
||
| 260 |
_aLondon _bOdhams press limited |
||
| 300 |
_a575 p. _bill. _c22 cm. |
||
| 526 |
_a0 _b0 _c0 _d621_800000000000000_GEN |
||
| 526 |
_a0 _b0 _c0 _d621_800000000000000_GEN |
||
| 526 |
_a0 _b0 _c0 _d621_800000000000000_GEN |
||
| 526 |
_a0 _b0 _c0 _d621_800000000000000_GEN |
||
| 526 |
_a0 _b0 _c0 _d621_800000000000000_GEN |
||
| 526 |
_a0 _b0 _c0 _d621_800000000000000_GUI |
||
| 650 |
_aMCE _9379 |
||
| 942 |
_2ddc _cBK |
||
| 999 |
_c545951 _d545951 |
||